000 01853nam a22002771 4500
001 78089
003 BD-RjUL
005 20211209083104.0
008 010508m19691974sy 000 0 arar
035 _a(BD-RjUL)78315
040 _aDLC
_cCU
_dCU
_dMH
_dCStRLIN
_dUkOxU
_beng
041 _aara
066 _c(3
082 _223
_a279.12551
_bABS 1969
100 0 _aأبو داؤود سليمان بن الأشعث السجستاني. ;; Abū Dāʼūd Sulaymān ibn al-Ashʿath al-Sijistānī,
_d817 or 818-889.
_9246186
245 1 0 _aسنن أبي داوود ;; Sunan Abī Dāwūd /
_cلأبي داوود سليمان بن الأشعث السجستاني الأزدي. ومعه كتاب معالم السنن / للخطابي. وهو شرح عليه مع تخريج أحاديثه وترقيمها وفهرس عام لجميع الأحاديث مرتب على الحروف الهجائية وقد إمتاز هذا الكتاب بجمع شمل أحاديث الأحكام ؛ إعداد و تعليق عزت عبيد الدعاس ;;;-Abi Dāwūd Sulaymān ibn al-Ashʿath al-Sijistānī al-Azadī. Wa-maʿahu Kitāb Maʿālim al-sunan / lil-Khaṭṭābī. Wa-huwa sharḥ ʿalayhi maʿa takhrīj aḥādīthihi wa-tarqīmihā wa-fihris ʿāmm li-jamīʿ al-aḥādīth murattab ʿalá al-ḥurūf al-hijāʼīyah wa-qad imtāza hādha al-kitāb bi-jamʿ shamal aḥādīth al-aḥkām ; iʿdād wa-taʿlīq ʿIzzat ʿUbayd al-Daʿʿās./
250 _aal-Ṭabʿah 1.
260 _aḤumṣ :
_bMuḥammad ʿAlī al-Sayyid,
_c1969-1974.
300 _av. ;
_c25 cm.
650 _aSunan Abī Dāwūd
_vHadith
_9246187
650 _aHadith
_vTexts
_yEarly works to 1800.
_9246190
700 1 2 _aKhaṭṭābī, Ḥamd ibn Muḥammad,
_d931-996.
_9246188
700 1 _aDaʿʿās, ʿIzzat ʿUbayd
_9246189
942 _2ddc
_cBK
999 _c78089
_d78089